000 00724nam a2200229Ia 4500
003 OSt
005 20220923221002.0
006 a|||||r|||| 00| 0
007 ta
008 220922b |||||||| |||| 00| 0 hin d
024 _a193,335
037 _cTextual
040 _aARTS
_cARTS
_bhin
041 _2hin
_ahin
082 _aV2:25wM89, 152H8
100 _aनेहरू, जवाहर लाल
245 0 _aमेरी कहानी, संपा हरिभाऊ उपाध्याय
246 _aMerī kahānī, sanpā0 haribhāū upādhyāya
260 _c1948
942 _hV2:25wM89, 152H8
_cTEXL
_2CC
999 _c345803
_d345803